[Event "SV Bönen 1 - SV Rot-Weiß-Altenessen 1"]
[Site "Verbandsklasse - Gr. 3 2019/2"]
[Date "2020.01.19"]
[Round "5.5"]
[White "Cavasin, Jörg"]
[Black "Mönkemeyer, Maik"]
[Result "0-1"]
[WhiteElo "1913"]
[BlackElo "1867"]
[PlyCount "84"]
[EventDate "2020.??.??"]
[WhiteTeam "SV Rot-Weiß-Altenessen 1"]
[BlackTeam "SV Bönen 1"]

1. Nf3 d5 2. d4 Nf6 3. Bf4 Bf5 4. e3 e6 5. Nbd2 Nbd7 6. h3 h6 7. c4 c5 8. Qa4
Be7 9. dxc5 Bxc5 10. b4 Be7 11. c5 a5 12. Nb3 axb4 13. Qxb4 b6 14. Bb5 bxc5 15.
Qc3 O-O 16. O-O Ne4 17. Qe1 Bf6 18. Rc1 Rxa2 19. g4 Bg6 20. h4 c4 21. Nbd4 Ndc5
22. g5 Bxd4 23. exd4 Nd3 24. Qe3 Nxc1 25. Qxc1 h5 26. Ne5 Qa5 27. Bd7 Bf5 28.
Nc6 Qc3 29. Ne7+ Kh8 30. Qd1 g6 31. Nxf5 exf5 32. Bxf5 Rfa8 33. Be5+ Kg8 34.
Bxe4 dxe4 35. Qb1 Qf3 36. d5 e3 37. Bg3 Qxd5 38. Qc1 e2 39. Re1 Ra1 40. Qc3
Rxe1+ 41. Qxe1 Qd1 42. f3 Ra1 0-1

[Event "SV Bönen 1 - SV Rot-Weiß-Altenessen 1"]
[Site "Verbandsklasse - Gr. 3 2019/2"]
[Date "2020.01.19"]
[Round "5.6"]
[White "Helmert, Jochen"]
[Black "Metzner, Carsten"]
[Result "1-0"]
[WhiteElo "1876"]
[BlackElo "1771"]
[PlyCount "77"]
[EventDate "2020.??.??"]
[WhiteTeam "SV Bönen 1"]
[BlackTeam "SV Rot-Weiß-Altenessen 1"]

1. e4 c5 2. Nf3 d6 3. Bb5+ Bd7 4. Bxd7+ Qxd7 5. c4 Nc6 6. O-O Nf6 7. Re1 e5 8.
Nc3 g6 9. d3 Bg7 10. Rb1 O-O 11. a3 Nd4 12. b4 Qg4 13. Nxd4 Qxd1 14. Rxd1 exd4
15. Nb5 Rfd8 16. Bg5 h6 17. Bxf6 Bxf6 18. Nc7 Rab8 19. Nd5 Bg7 20. bxc5 dxc5
21. Rb5 Bf8 22. Rdb1 b6 23. f4 Kg7 24. e5 Rb7 25. a4 Rbd7 26. Nf6 Rc7 27. a5
bxa5 28. Rxa5 g5 29. g3 Kg6 30. Kf2 Kf5 31. Kf3 gxf4 32. gxf4 h5 33. Ra6 Rdc8
34. Nxh5 Rc6 35. Rxa7 Rh6 36. Ng3+ Kg6 37. Rb6+ Kh7 38. Rxf7+ Kg8 39. Rxf8+ 1-0

[Event "SV Bönen 1 - SV Rot-Weiß-Altenessen 1"]
[Site "Verbandsklasse - Gr. 3 2019/2"]
[Date "2020.01.19"]
[Round "5.7"]
[White "Drawe, Thomas"]
[Black "Schötz, Hans-Joachim"]
[Result "0-1"]
[WhiteElo "1836"]
[BlackElo "1844"]
[PlyCount "82"]
[EventDate "2020.??.??"]
[WhiteTeam "SV Rot-Weiß-Altenessen 1"]
[BlackTeam "SV Bönen 1"]

1. c4 e6 2. g3 d5 3. Bg2 Nf6 4. Nf3 Nc6 5. cxd5 exd5 6. O-O Be7 7. d4 O-O 8.
Nc3 Bg4 9. Be3 a6 10. Rc1 h6 11. Ne5 Bf5 12. Qb3 Be6 13. Nxc6 bxc6 14. Qb7 Bd7
15. Bf4 Bd6 16. Bxd6 cxd6 17. Qb4 Bf5 18. Rfe1 Re8 19. a4 Rb8 20. Qa3 a5 21.
Nd1 Qd7 22. Qc3 Qa7 23. Ne3 Bd7 24. Red1 Rb4 25. Qa3 Qb8 26. Rc3 Ne4 27. Rcd3
Qb6 28. f3 Nf6 29. R1d2 Rb8 30. g4 Be6 31. Nd1 c5 32. e3 c4 33. Rc3 Qc6 34. Qa2
Rxa4 35. Ra3 Rxa3 36. Qxa3 Qc7 37. Nc3 Rb3 38. Qa2 Qb6 39. h3 Qb4 40. Re2 Bd7
41. f4 Bc6 0-1

[Event "SV Bönen 1 - SV Rot-Weiß-Altenessen 1"]
[Site "Verbandsklasse - Gr. 3 2019/2"]
[Date "2020.01.19"]
[Round "5.8"]
[White "Wegner, Stephan"]
[Black "Guth, Gerd-Volker"]
[Result "1/2-1/2"]
[WhiteElo "1726"]
[BlackElo "1790"]
[PlyCount "26"]
[EventDate "2020.??.??"]
[WhiteTeam "SV Bönen 1"]
[BlackTeam "SV Rot-Weiß-Altenessen 1"]

1. e4 c5 2. Nc3 b6 3. f4 Bb7 4. Bc4 e6 5. Qe2 a6 6. a4 Nc6 7. Nf3 Nge7 8. d3
Nd4 9. Nxd4 cxd4 10. Nd1 Nc6 11. c3 Qc7 12. Bd2 Bc5 13. Nf2 a5 1/2-1/2

[Event "SV Unser Fritz 1 - SC Doppelbauer Bramb"]
[Site "Verbandsklasse - Gr. 3 2019/2"]
[Date "2020.01.19"]
[Round "5.1"]
[White "Koth, Stefan"]
[Black "Rutz, Dirk"]
[Result "1/2-1/2"]
[WhiteElo "2075"]
[BlackElo "2007"]
[PlyCount "105"]
[EventDate "2020.??.??"]
[WhiteTeam "SC Doppelbauer Brambauer 1"]
[BlackTeam "SV Unser Fritz 1"]

1. c4 Nf6 2. Nc3 g6 3. d4 Bg7 4. e4 d6 5. f3 O-O 6. Be3 c6 7. Qd2 a6 8. a4 a5
9. Bd3 Na6 10. Nge2 e5 11. d5 Nd7 12. dxc6 bxc6 13. Rd1 Ndc5 14. Bc2 Qb6 15. b3
Rd8 16. Nc1 Be6 17. O-O Qb8 18. Qf2 Ra7 19. Rd2 Rad7 20. Rfd1 f5 21. Bg5 Rf8
22. Qh4 Rff7 23. exf5 gxf5 24. Qg3 Nb4 25. Bb1 Qf8 26. Qe1 d5 27. cxd5 cxd5 28.
Nb5 d4 29. Bc2 h6 30. Bh4 e4 31. fxe4 Nxc2 32. Rxc2 fxe4 33. Qxa5 d3 34. Rf2 e3
35. Rxf7 Rxf7 36. Qe1 d2 37. Qxe3 dxc1=Q 38. Qxc1 Nxb3 39. Qb1 Qc5+ 40. Kh1 Qf5
41. h3 Be5 42. Qxf5 Rxf5 43. g4 Rf8 44. Kg2 Bc8 45. Rd8 Bb7+ 46. Kg1 Rxd8 47.
Bxd8 Bc6 48. Bb6 Kf7 49. Be3 Kg6 50. Kf2 Na5 51. h4 Nc4 52. h5+ Kg7 53. g5
1/2-1/2

[Event "SV Unser Fritz 1 - SC Doppelbauer Bramb"]
[Site "Verbandsklasse - Gr. 3 2019/2"]
[Date "2020.01.19"]
[Round "5.2"]
[White "Mueller, Martin"]
[Black "Remmler, Volker"]
[Result "1/2-1/2"]
[WhiteElo "2014"]
[BlackElo "2031"]
[PlyCount "26"]
[EventDate "2020.??.??"]
[WhiteTeam "SV Unser Fritz 1"]
[BlackTeam "SC Doppelbauer Brambauer 1"]

1. e4 e6 2. d4 d5 3. Nc3 Bb4 4. e5 c5 5. a3 Bxc3+ 6. bxc3 Ne7 7. Qg4 Qc7 8.
Qxg7 Rg8 9. Qxh7 cxd4 10. Ne2 Nbc6 11. f4 Bd7 12. Qd3 dxc3 13. Nxc3 a6 1/2-1/2

[Event "SV Unser Fritz 1 - SC Doppelbauer Bramb"]
[Site "Verbandsklasse - Gr. 3 2019/2"]
[Date "2020.01.19"]
[Round "5.3"]
[White "Bracht, Michael"]
[Black "Jungbluth, Michael"]
[Result "1/2-1/2"]
[WhiteElo "1922"]
[BlackElo "1999"]
[PlyCount "52"]
[EventDate "2020.??.??"]
[WhiteTeam "SC Doppelbauer Brambauer 1"]
[BlackTeam "SV Unser Fritz 1"]

1. d4 Nf6 2. g3 g6 3. Bg2 Bg7 4. Nf3 O-O 5. O-O d6 6. Nbd2 c5 7. dxc5 dxc5 8.
Nc4 Nc6 9. c3 Be6 10. Nfe5 Nxe5 11. Qxd8 Raxd8 12. Nxe5 Bd5 13. Nd3 b6 14. a4
Bxg2 15. Kxg2 Ne4 16. a5 c4 17. Nb4 Nd2 18. Bxd2 Rxd2 19. Nc6 Rxb2 20. axb6
axb6 21. Nxe7+ Kh8 22. Nd5 Rxe2 23. Nxb6 Bxc3 24. Rac1 Bd4 25. Nxc4 Ra8 26.
Rcd1 Bf6 1/2-1/2

[Event "SV Unser Fritz 1 - SC Doppelbauer Bramb"]
[Site "Verbandsklasse - Gr. 3 2019/2"]
[Date "2020.01.19"]
[Round "5.4"]
[White "Distelrath, Oliver"]
[Black "Zimmermann, Dirk"]
[Result "1/2-1/2"]
[WhiteElo "1872"]
[BlackElo "1846"]
[PlyCount "26"]
[EventDate "2020.??.??"]
[WhiteTeam "SV Unser Fritz 1"]
[BlackTeam "SC Doppelbauer Brambauer 1"]

1. e4 c5 2. Nc3 e6 3. f4 d5 4. exd5 exd5 5. Bb5+ Nc6 6. Nf3 Nf6 7. Ne5 Bd7 8.
O-O Be7 9. Bxc6 Bxc6 10. Nxc6 bxc6 11. d3 O-O 12. b3 Re8 13. Qf3 Nd7 1/2-1/2

[Event "SV Unser Fritz 1 - SC Doppelbauer Bramb"]
[Site "Verbandsklasse - Gr. 3 2019/2"]
[Date "2020.01.19"]
[Round "5.5"]
[White "Jochmann, Christian"]
[Black "Tober, Julian"]
[Result "1/2-1/2"]
[WhiteElo "1862"]
[BlackElo "1738"]
[PlyCount "90"]
[EventDate "2020.??.??"]
[WhiteTeam "SC Doppelbauer Brambauer 1"]
[BlackTeam "SV Unser Fritz 1"]

1. e4 c5 2. Nc3 g6 3. g3 Bg7 4. Bg2 d6 5. d3 e6 6. f4 Ne7 7. Nf3 Nbc6 8. O-O
Qb6 9. Kh1 Bd7 10. Bd2 O-O 11. Rb1 Nd4 12. Be3 Nec6 13. Qd2 Nxf3 14. Bxf3 Nd4
15. Bg2 f5 16. Nd1 Qa6 17. Ra1 Rae8 18. Nf2 b5 19. c3 Nc6 20. e5 Ne7 21. d4
dxe5 22. dxe5 Bc6 23. Nh3 Rd8 24. Qf2 Bxg2+ 25. Kxg2 Qc6+ 26. Kg1 Rd5 27. b3
Rfd8 28. Rac1 c4 29. Rc2 cxb3 30. axb3 Rd1 31. Bxa7 R8d3 32. Qe2 Rxf1+ 33. Kxf1
Rf3+ 34. Kg1 Rxc3 35. Rxc3 Qxc3 36. Qxb5 Qa1+ 37. Kg2 Qxa7 38. Qe8+ Bf8 39. Ng5
Qb7+ 40. Kh3 Nd5 41. Qxe6+ Kg7 42. Qe8 Qe7 43. Qa8 Nb4 44. Qc8 h6 45. Ne6+ Kg8
1/2-1/2

[Event "SV Unser Fritz 1 - SC Doppelbauer Bramb"]
[Site "Verbandsklasse - Gr. 3 2019/2"]
[Date "2020.01.19"]
[Round "5.6"]
[White "Goessling, Juergen"]
[Black "Deckert, Frank"]
[Result "1/2-1/2"]
[WhiteElo "1745"]
[BlackElo "1837"]
[PlyCount "93"]
[EventDate "2020.??.??"]
[WhiteTeam "SV Unser Fritz 1"]
[BlackTeam "SC Doppelbauer Brambauer 1"]

1. e4 d6 2. d4 Nf6 3. Nc3 e5 4. Nf3 Nbd7 5. h3 Be7 6. Be2 c6 7. Bg5 Qc7 8. Qd2
b5 9. a3 a5 10. d5 Rb8 11. b4 cxd5 12. Bxf6 Nxf6 13. Bxb5+ Kf8 14. exd5 Bb7 15.
O-O Rc8 16. Na4 Bxd5 17. c4 Qb7 18. Qe2 Be6 19. bxa5 Qa7 20. a6 g6 21. Rfe1 Nd7
22. Rad1 Nc5 23. Qe3 Kg7 24. Nc3 Rhd8 25. Nd5 h6 26. a4 Bf8 27. a5 Bxd5 28.
Rxd5 Qc7 29. Qc3 Ra8 30. Nd2 Nxa6 31. f4 f6 32. fxe5 dxe5 33. Qf3 Nc5 34. Rf1
f5 35. g4 Rxd5 36. Qxd5 Rd8 37. Qg2 f4 38. a6 Nxa6 39. Ne4 Nc5 40. Nc3 Rd3 41.
Rf3 Qd6 42. Nd5 Rd1+ 43. Rf1 Rxf1+ 44. Qxf1 Be7 45. Qa1 Kf7 46. Qa8 Bf8 47.
Be8+ 1/2-1/2

[Event "SV Unser Fritz 1 - SC Doppelbauer Bramb"]
[Site "Verbandsklasse - Gr. 3 2019/2"]
[Date "2020.01.19"]
[Round "5.7"]
[White "Lojewski, Ralf"]
[Black "Prang, Andreas"]
[Result "1-0"]
[WhiteElo "1873"]
[BlackElo "1821"]
[Annotator "Daniel"]
[PlyCount "41"]
[EventDate "2020.??.??"]
[WhiteTeam "SC Doppelbauer Brambauer 1"]
[BlackTeam "SV Unser Fritz 1"]

1. d4 d5 2. c4 c6 3. Nc3 dxc4 4. a4 e5 5. dxe5 Qxd1+ 6. Nxd1 Be6 7. Nf3 Na6 8.
Bd2 $11 h6 9. Nd4 Nb4 10. Rc1 Bd7 11. Rxc4 a5 12. e4 O-O-O 13. Be2 Re8 14. f4
g5 15. g3 Bh3 16. Nf2 Bd7 17. Bh5 Rh7 18. e6 Bxe6 19. Nxe6 Nf6 20. Nxf8 Rxf8
21. Bxb4 1-0

[Event "SV Unser Fritz 1 - SC Doppelbauer Bramb"]
[Site "Verbandsklasse - Gr. 3 2019/2"]
[Date "2020.01.19"]
[Round "5.8"]
[White "Koch, Till"]
[Black "Natschke, Norbert"]
[Result "1-0"]
[WhiteElo "1752"]
[BlackElo "1813"]
[PlyCount "91"]
[EventDate "2020.??.??"]
[WhiteTeam "SV Unser Fritz 1"]
[BlackTeam "SC Doppelbauer Brambauer 1"]

1. e4 d5 2. exd5 Qxd5 3. Nc3 Qa5 4. Nf3 Nf6 5. Be2 Bf5 6. Nd4 Bg6 7. O-O c6 8.
d3 e6 9. Nb3 Qc7 10. Bf3 Bd6 11. g3 Nbd7 12. Nd2 O-O-O 13. Nc4 Ne5 14. Nxd6+
Qxd6 15. Be2 Ned7 16. Be3 Qb8 17. a4 h5 18. h4 Bf5 19. Kg2 Ng4 20. Bd2 Qe5 21.
Qe1 Qc7 22. a5 e5 23. b4 Be6 24. Bf3 f5 25. Bg5 Ndf6 26. b5 Rd4 27. b6 axb6 28.
axb6 Qb8 29. Ne2 Rd6 30. Qb4 Nd5 31. Qc5 Kd7 32. Ra7 Ngf6 33. Nc3 Rd8 34. Rfa1
Nxc3 35. Qxc3 e4 36. dxe4 fxe4 37. Bxe4 Nxe4 38. Qxg7+ Kc8 39. Ra8 R6d7 40.
Rxb8+ Kxb8 41. Qe5+ Rd6 42. Ra8+ Kxa8 43. Qa5+ Kb8 44. Qa7+ Kc8 45. Qa8+ Kd7
46. Qxd8# 1-0

[Event "Weiße Dame Borbeck 1 - SG Werl-Wickede "]
[Site "Verbandsliga - Gr. 1 2019/202"]
[Date "2020.03.01"]
[Round "7.1"]
[White "Schwarzkopf, Christian"]
[Black "Loyen, Egbert"]
[Result "1/2-1/2"]
[WhiteElo "2062"]
[BlackElo "2184"]
[PlyCount "46"]
[EventDate "2020.??.??"]
[WhiteTeam "SG Werl-Wickede 1"]
[BlackTeam "Weiße Dame Borbeck 1"]

1. d4 Nf6 2. Nf3 g6 3. c4 Bg7 4. Nc3 d6 5. Bg5 h6 6. Bh4 g5 7. Bg3 Nh5 8. e3 c6
9. Be2 Qb6 10. Qc2 Na6 11. a3 Bd7 12. Nd2 Nxg3 13. hxg3 Qa5 14. Rc1 Rc8 15. Bd3
O-O 16. f4 gxf4 17. gxf4 f5 18. Qb3 Qc7 19. c5+ Kh8 20. cxd6 exd6 21. Kf2 Rce8
22. Rh3 Be6 23. Bc4 Bxc4 1/2-1/2

[Event "Weiße Dame Borbeck 1 - SG Werl-Wickede "]
[Site "Verbandsliga - Gr. 1 2019/202"]
[Date "2020.03.01"]
[Round "7.2"]
[White "Hillenbrand, Michael"]
[Black "Stolle, Dietmar"]
[Result "0-1"]
[WhiteElo "2081"]
[BlackElo "2016"]
[PlyCount "52"]
[EventDate "2020.??.??"]
[WhiteTeam "Weiße Dame Borbeck 1"]
[BlackTeam "SG Werl-Wickede 1"]

1. c4 e5 2. Nc3 Nc6 3. Nf3 f5 4. g3 Nf6 5. d4 e4 6. Nh4 g6 7. Bg5 Be7 8. Qd2
O-O 9. Ng2 a6 10. h4 Rb8 11. e3 Kg7 12. Nf4 h6 13. Bxf6+ Bxf6 14. Be2 Kh7 15.
Ncd5 b5 16. cxb5 axb5 17. Rc1 b4 18. Rc5 Be7 19. Nxe7 Nxe7 20. Qc2 c6 21. g4 d6
22. Rc4 Qa5 23. b3 Ba6 24. Rxc6 Bd3 25. Nxd3 exd3 26. Bxd3 Qd5 0-1

[Event "Weiße Dame Borbeck 1 - SG Werl-Wickede "]
[Site "Verbandsliga - Gr. 1 2019/202"]
[Date "2020.03.01"]
[Round "7.3"]
[White "Beulertz, Stefan"]
[Black "Dewenter, Ulf"]
[Result "0-1"]
[WhiteElo "2023"]
[BlackElo "2104"]
[PlyCount "102"]
[EventDate "2020.??.??"]
[WhiteTeam "SG Werl-Wickede 1"]
[BlackTeam "Weiße Dame Borbeck 1"]

1. e4 e6 2. d3 d5 3. Qe2 Nf6 4. Nf3 Be7 5. g3 b5 6. Bg2 dxe4 7. dxe4 b4 8. Nbd2
O-O 9. O-O Ba6 10. Nc4 Nc6 11. Bg5 Nd4 12. Nxd4 Qxd4 13. b3 Bxc4 14. bxc4 e5
15. Be3 Qd7 16. Rfd1 Qe6 17. h3 a5 18. f4 Rad8 19. f5 Rxd1+ 20. Rxd1 Qc6 21.
Kh2 Rd8 22. Rd3 Rxd3 23. Qxd3 Qd7 24. Bf1 Qxd3 25. Bxd3 Nd7 26. Kg2 Bc5 27. Bc1
Kf8 28. Kf3 Ke7 29. Bb2 Bd4 30. Bc1 Kd6 31. a3 bxa3 32. Bxa3+ Bc5 33. Bb2 a4
34. Ke2 Nb6 35. c3 a3 36. Ba1 Kc6 37. Kd2 Bf2 38. g4 h6 39. Ke2 Bh4 40. Kd1 Be7
41. Kc2 Bc5 42. Kb3 f6 43. Ka2 Nc8 44. Kb3 Nd6 45. Ka2 Nf7 46. Kb3 Ng5 47. h4
Nf3 48. h5 Kb6 49. Ka4 Nd2 50. Bc2 Nxc4 51. Kb3 Ne3 0-1

[Event "Weiße Dame Borbeck 1 - SG Werl-Wickede "]
[Site "Verbandsliga - Gr. 1 2019/202"]
[Date "2020.03.01"]
[Round "7.4"]
[White "Poetter, Clemens"]
[Black "Lampe, Thomas"]
[Result "1/2-1/2"]
[WhiteElo "1994"]
[BlackElo "1919"]
[PlyCount "20"]
[EventDate "2020.??.??"]
[WhiteTeam "Weiße Dame Borbeck 1"]
[BlackTeam "SG Werl-Wickede 1"]

1. d4 Nf6 2. c4 c5 3. e3 cxd4 4. exd4 d5 5. Nc3 Nc6 6. Nf3 Bg4 7. cxd5 Nxd5 8.
Bc4 e6 9. O-O Bxf3 10. gxf3 Nxc3 1/2-1/2

[Event "Weiße Dame Borbeck 1 - SG Werl-Wickede "]
[Site "Verbandsliga - Gr. 1 2019/202"]
[Date "2020.03.01"]
[Round "7.5"]
[White "Vieweger, Torsten"]
[Black "Korste, Sebastian"]
[Result "0-1"]
[WhiteElo "1903"]
[BlackElo "1954"]
[PlyCount "66"]
[EventDate "2020.??.??"]
[WhiteTeam "SG Werl-Wickede 1"]
[BlackTeam "Weiße Dame Borbeck 1"]

1. d4 Nf6 2. Nc3 e6 3. Bg5 Be7 4. e3 b6 5. f4 Bb7 6. Nf3 c5 7. Bd3 h6 8. Bh4 d5
9. O-O Nbd7 10. Ne5 O-O 11. Qf3 Rc8 12. Bxf6 Nxf6 13. a3 a6 14. Rad1 cxd4 15.
exd4 Bxa3 16. bxa3 Rxc3 17. Bh7+ Kxh7 18. Qxc3 Ne4 19. Qd3 f6 20. Ng4 Qd6 21.
c4 dxc4 22. Qxc4 Rc8 23. Qd3 Rc3 24. Qb1 Rxa3 25. Rd3 Ra4 26. Qb2 b5 27. f5
exf5 28. Ne3 f4 29. Nf5 Qe6 30. Rxf4 Ra2 31. Qc1 Nc3 32. Re3 Rxg2+ 33. Kf1 Qc4+
0-1

[Event "Weiße Dame Borbeck 1 - SG Werl-Wickede "]
[Site "Verbandsliga - Gr. 1 2019/202"]
[Date "2020.03.01"]
[Round "7.6"]
[White "Mundil, Uwe"]
[Black "Scheibe, Andreas"]
[Result "1-0"]
[WhiteElo "2006"]
[BlackElo "1799"]
[PlyCount "65"]
[EventDate "2020.??.??"]
[WhiteTeam "Weiße Dame Borbeck 1"]
[BlackTeam "SG Werl-Wickede 1"]

1. e4 c5 2. Nf3 d6 3. c3 Nf6 4. Be2 Nbd7 5. d3 e6 6. O-O Be7 7. Re1 O-O 8. Bf1
b6 9. d4 Bb7 10. Bd3 Qc7 11. h3 e5 12. d5 c4 13. Bc2 Rfd8 14. Nbd2 Nf8 15. Nf1
Bc8 16. Ng3 b5 17. a4 Rb8 18. axb5 Rxb5 19. Ra2 N6d7 20. Nf5 Nc5 21. Ne3 Ncd7
22. Qe2 Nb6 23. Bd2 Ng6 24. Rea1 a6 25. Nd1 Bf6 26. Be3 Nf4 27. Qf1 Bb7 28. g3
Ng6 29. Nd2 Rc8 30. Bxb6 Qxb6 31. Nxc4 Qc7 32. Bd3 Rc5 33. Na5 1-0

[Event "Weiße Dame Borbeck 1 - SG Werl-Wickede "]
[Site "Verbandsliga - Gr. 1 2019/202"]
[Date "2020.03.01"]
[Round "7.7"]
[White "Brunberg, Ingo"]
[Black "Kindermann, Carsten"]
[Result "1/2-1/2"]
[WhiteElo "1774"]
[BlackElo "1912"]
[PlyCount "29"]
[EventDate "2020.??.??"]
[WhiteTeam "SG Werl-Wickede 1"]
[BlackTeam "Weiße Dame Borbeck 1"]

1. e4 e6 2. d3 d5 3. Nd2 c5 4. Ngf3 Nc6 5. g3 f5 6. Bg2 Nf6 7. c3 fxe4 8. dxe4
Be7 9. Qe2 O-O 10. O-O Qe8 11. b3 Bd7 12. Bb2 h6 13. Rfe1 Qf7 14. Rad1 Rad8 15.
h3 1/2-1/2

[Event "Weiße Dame Borbeck 1 - SG Werl-Wickede "]
[Site "Verbandsliga - Gr. 1 2019/202"]
[Date "2020.03.01"]
[Round "7.8"]
[White "Klasmeier, Hartmut"]
[Black "Zimmer, Sebastian"]
[Result "1-0"]
[WhiteElo "1857"]
[BlackElo "1713"]
[Annotator "Daniel"]
[PlyCount "101"]
[EventDate "2020.??.??"]
[WhiteTeam "Weiße Dame Borbeck 1"]
[BlackTeam "SG Werl-Wickede 1"]

1. e4 e6 2. Nc3 d5 3. Nf3 Nf6 4. exd5 exd5 5. d4 Bd6 6. Qe2+ Be6 7. Ng5 Qd7 8.
Nxe6 fxe6 9. g3 Nc6 10. Be3 O-O-O 11. O-O-O e5 12. h4 Kb8 13. Nb5 Rhe8 14. Nxd6
Qxd6 15. dxe5 Qxe5 16. Qb5 a6 17. Qb3 Na5 $11 18. Qa4 d4 19. Bd2 Qd5 20. Rg1
Nc6 21. Bg2 Qb5 22. Qxb5 axb5 23. Bg5 Rd6 24. Bxf6 Rxf6 25. f4 Rd8 26. Bf1 b4
27. Re1 Rff8 28. Bd3 h6 29. Re6 Rde8 30. Rge1 Rxe6 31. Rxe6 Kc8 32. Re4 Rd8 33.
Kd2 Rd7 34. Bb5 Kd8 35. Kd3 Re7 36. Bxc6 bxc6 37. Rxe7 Kxe7 38. Kxd4 Kd6 39. g4
g6 40. Kc4 c5 41. a3 bxa3 42. bxa3 c6 43. a4 Kc7 44. Kxc5 Kd7 45. a5 Kc7 46. a6
Kb8 47. Kxc6 Ka7 48. Kb5 Kb8 49. Kb6 h5 50. gxh5 gxh5 51. f5 1-0

[Event "SV Waltrop 1 - SV Bottrop 1"]
[Site "Verbandsliga - Gr. 1 2019/202"]
[Date "2020.03.01"]
[Round "7.1"]
[White "Stadtmann, Jens"]
[Black "Eckert, Marius"]
[Result "1-0"]
[WhiteElo "2155"]
[BlackElo "2167"]
[Annotator "Daniel"]
[PlyCount "85"]
[EventDate "2020.??.??"]
[WhiteTeam "SV Bottrop 1"]
[BlackTeam "SV Waltrop 1"]

1. d4 d5 2. Nf3 Nf6 3. e3 Bf5 4. c4 c6 5. Nc3 e6 6. Be2 h6 7. O-O Nbd7 8. b3
Bd6 9. a4 Qe7 10. Bb2 O-O 11. Qc1 Ne4 12. Nxe4 dxe4 13. Ne5 $11 Bxe5 14. dxe5
Qg5 15. Rd1 Nc5 16. Ba3 Nxb3 17. Qb2 Nxa1 18. Bxf8 Rxf8 19. Qxa1 Qe7 20. Rd6 c5
21. Qd1 Qc7 22. Qd2 Rb8 23. g4 Bg6 24. h4 Kf8 25. h5 Bh7 26. Rd7 Qxe5 27. Rxb7
g5 28. Rxb8+ Qxb8 29. Qc3 e5 30. Qd2 Ke7 31. Qd5 f5 32. Qxc5+ Kf6 33. Qc6+ Kg7
34. Qd7+ Kh8 35. gxf5 Qf8 36. Bg4 Bg8 37. Qc7 Qe8 38. f6 Bf7 39. c5 a5 40. c6
Qf8 41. Qe7 Qb8 42. c7 Bg8 43. Qg7# 1-0

[Event "SV Waltrop 1 - SV Bottrop 1"]
[Site "Verbandsliga - Gr. 1 2019/202"]
[Date "2020.03.01"]
[Round "7.2"]
[White "Gasper, Joern"]
[Black "Boehm, Joachim"]
[Result "1/2-1/2"]
[WhiteElo "2071"]
[BlackElo "2211"]
[PlyCount "98"]
[EventDate "2020.??.??"]
[WhiteTeam "SV Waltrop 1"]
[BlackTeam "SV Bottrop 1"]

1. e4 g6 2. d4 Bg7 3. Nf3 d6 4. Bd3 e5 5. dxe5 dxe5 6. O-O Nc6 7. Qe2 Bg4 8.
Bb5 Nge7 9. h3 Bd7 10. c3 O-O 11. Nbd2 a6 12. Bc4 b5 13. Bd3 Na5 14. b4 Nb7 15.
Nb3 Nc8 16. c4 Ncd6 17. c5 Ne8 18. Bb2 Qe7 19. Rfc1 c6 20. a4 Nc7 21. axb5 axb5
22. Bc2 Ne6 23. Rd1 Nf4 24. Qd2 Rxa1 25. Rxa1 Rd8 26. Qe1 Qe6 27. Nbd2 Bc8 28.
Bb3 Qe7 29. Bc3 h6 30. Bc2 Kh7 31. Qe3 h5 32. Ra6 Bh6 33. Qe1 f6 34. Rxc6 Bxh3
35. gxh3 Qd7 36. Rxf6 Nxh3+ 37. Kf1 Nf4 38. Rxf4 Bxf4 39. Bxe5 Bxd2 40. Nxd2
Re8 41. Nf3 Qh3+ 42. Ke2 Qg4 43. Qc3 Nd8 44. c6 Nf7 45. Bf6 Nd6 46. e5 Nf5 47.
Bxf5 Qxf5 48. Qd3 Qxf6 49. Qxb5 Qf5 1/2-1/2

[Event "SV Waltrop 1 - SV Bottrop 1"]
[Site "Verbandsliga - Gr. 1 2019/202"]
[Date "2020.03.01"]
[Round "7.3"]
[White "Mohrholz, Uwe"]
[Black "Breidenbach, Rolf"]
[Result "1-0"]
[WhiteElo "1992"]
[BlackElo "1921"]
[PlyCount "71"]
[EventDate "2020.??.??"]
[WhiteTeam "SV Bottrop 1"]
[BlackTeam "SV Waltrop 1"]

1. e4 g6 2. Nf3 Bg7 3. Bc4 c6 4. Nc3 e6 5. Qe2 Ne7 6. Bb3 d5 7. e5 Nd7 8. d4 h6
9. h4 a6 10. Nd1 c5 11. c3 cxd4 12. cxd4 Nb6 13. Bd2 Bd7 14. a4 Rc8 15. Ne3 Nf5
16. Ba5 Nxe3 17. fxe3 Rc6 18. O-O Qc8 19. Nd2 Bf8 20. e4 Be7 21. Qf2 O-O 22.
Qg3 Kg7 23. Bc3 dxe4 24. Nxe4 Nd5 25. Rf3 Nxc3 26. bxc3 Qd8 27. Nf6 Rb6 28. c4
Bc6 29. d5 exd5 30. cxd5 Be8 31. d6 Bxf6 32. Rxf6 Qc8 33. Raf1 Qc5+ 34. Kh1 Qd4
35. d7 Rxb3 36. dxe8=N+ 1-0

[Event "SV Waltrop 1 - SV Bottrop 1"]
[Site "Verbandsliga - Gr. 1 2019/202"]
[Date "2020.03.01"]
[Round "7.4"]
[White "Drewes, Martin"]
[Black "Nowak, Steven"]
[Result "1/2-1/2"]
[WhiteElo "1920"]
[BlackElo "1959"]
[PlyCount "53"]
[EventDate "2020.??.??"]
[WhiteTeam "SV Waltrop 1"]
[BlackTeam "SV Bottrop 1"]

1. e4 e6 2. d4 d5 3. e5 c5 4. c3 Qb6 5. Nf3 Nc6 6. Bd3 Bd7 7. dxc5 Bxc5 8. O-O
a5 9. Qc2 Nge7 10. Re1 h6 11. Be3 d4 12. cxd4 Nxd4 13. Nxd4 Bxd4 14. Nc3 Bxe3
15. Rxe3 Bc6 16. Qe2 Nd5 17. Nxd5 Bxd5 18. Bb5+ Bc6 19. Bxc6+ Qxc6 20. Rc3 Qb6
21. Rac1 O-O 22. Rb3 Qa7 23. Qg4 Rac8 24. Rf1 Qc5 25. Qe2 b6 26. Rd1 Rcd8 27.
g3 1/2-1/2

[Event "SV Waltrop 1 - SV Bottrop 1"]
[Site "Verbandsliga - Gr. 1 2019/202"]
[Date "2020.03.01"]
[Round "7.5"]
[White "Masberg, Stefan"]
[Black "Atali, Dogukan"]
[Result "1/2-1/2"]
[WhiteElo "1939"]
[BlackElo "1867"]
[PlyCount "90"]
[EventDate "2020.??.??"]
[WhiteTeam "SV Bottrop 1"]
[BlackTeam "SV Waltrop 1"]

1. e4 e6 2. d4 d5 3. Nc3 Nf6 4. e5 Nfd7 5. Nf3 c5 6. Bb5 Nc6 7. Bf4 Qc7 8. O-O
cxd4 9. Nxd4 Nxd4 10. Qxd4 Bc5 11. Qd2 a6 12. Bxd7+ Bxd7 13. Nxd5 Qc6 14. Nc3
Bb4 15. Rfd1 Bxc3 16. bxc3 Rc8 17. Rab1 Qc7 18. Rb4 Bc6 19. Rd4 b5 20. c4 O-O
21. cxb5 axb5 22. c4 bxc4 23. Rxc4 Rfd8 24. Rd4 Rxd4 25. Qxd4 Bd5 26. a4 Qc4
27. h4 Qxd4 28. Rxd4 Rc4 29. Rxc4 Bxc4 30. g3 Kf8 31. Kg2 Bb3 32. a5 Bd5+ 33.
Kf1 Ke8 34. Ke2 Kd7 35. Kd3 Kc6 36. Kd4 Kb5 37. Bd2 h5 38. Ke3 f6 39. Kf4 fxe5+
40. Kxe5 Bb3 41. f3 Bd1 42. Kf4 g6 43. g4 hxg4 44. fxg4 Ka6 45. Bc3 e5+ 1/2-1/2

[Event "SV Waltrop 1 - SV Bottrop 1"]
[Site "Verbandsliga - Gr. 1 2019/202"]
[Date "2020.03.01"]
[Round "7.6"]
[White "Sehrbrock, Christoph"]
[Black "Gierse, Heinz-Dieter"]
[Result "0-1"]
[WhiteElo "1811"]
[BlackElo "1923"]
[PlyCount "122"]
[EventDate "2020.??.??"]
[WhiteTeam "SV Waltrop 1"]
[BlackTeam "SV Bottrop 1"]

1. e4 d5 2. exd5 Nf6 3. d4 Nxd5 4. c4 Nb6 5. Nf3 g6 6. Nc3 Bg7 7. c5 Nd5 8. Bc4
c6 9. Qb3 O-O 10. Nxd5 cxd5 11. Bxd5 Nc6 12. Bxc6 bxc6 13. O-O Ba6 14. Re1 Qc7
15. Bg5 e6 16. Qe3 Bc4 17. Bh6 Bxh6 18. Qxh6 f6 19. Qe3 Rfe8 20. Nd2 Bd5 21.
Ne4 Bxe4 22. Qxe4 Rad8 23. Qg4 Qf7 24. Re3 Rd5 25. Rae1 f5 26. Qf4 Qd7 27. Rd3
e5 28. Qe3 Rd8 29. f4 e4 30. Rd2 Rxd4 31. Qb3+ Kg7 32. Qc3 Kf7 33. Qb3+ Qe6 34.
Rxd4 Rxd4 35. Qh3 h5 36. Qa3 Rd7 37. Qc3 Qd5 38. Re3 Qd1+ 39. Re1 Qd4+ 40. Re3
Qxc3 41. Rxc3 Rd1+ 42. Kf2 Rd2+ 43. Kg3 Rxb2 44. Ra3 Rb7 45. Ra6 Rc7 46. Ra4
Ke6 47. Rd4 Rd7 48. Rc4 Rd3+ 49. Kh4 Kd5 50. Ra4 Kxc5 51. Rxa7 Kd4 52. Kg5 Ke3
53. Kxg6 Kxf4 54. Kxh5 Rd5 55. g3+ Kf3 56. Re7 e3 57. Kg6 e2 58. h4 Rd3 59.
Rxe2 Kxe2 60. h5 Rxg3+ 61. Kxf5 c5 0-1